000 00281nam a22001097a 4500
082 _a515.07 PIP'A
100 _a PIPES, LOUIS A
_957693
245 _aAPPLIED MATHEMATICS FOR ENGINEER'S AND PHYSICISTS
260 _a NEWYORK
_b MCGRAW HILL
_c1958
300 _a 723P
942 _cBK
999 _c567966
_d567966